000 00697nam a2200289Ia 4500
005 20260324123826.0
008 008 260324s9999 xx 000 0 eng d
020 _a9781315376806
037 _aEBOOK
040 _aCRL
040 _beng
040 _cCRL
041 _2eng
041 _aeng
084 _qCRL
100 _aAnita Sharma
_91085325
245 0 _aMaximising Quality and Outcomes Framework Quality Points
245 4 _bThe QOF Clinical Domain
260 _bTaylor and Francis
260 _c2011
365 _a
365 _b310
856 _uhttp://www.taylorfrancis.com/books/9781315376806
942 _cEBOOK
999 _c1765646
_d1765646